Sociologie du numérique au travail (notice n° 1568640)

détails MARC
000 -LEADER
fixed length control field 01464cam a2200145 4500500
005 - DATE AND TIME OF LATEST TRANSACTION
control field 20251214005052.0
041 ## - LANGUAGE CODE
Language code of text/sound track or separate title fre
042 ## - AUTHENTICATION CODE
Authentication code dc
100 10 - MAIN ENTRY--PERSONAL NAME
Personal name Benedetto-Meyer, Marie
Relator term author
245 00 - TITLE STATEMENT
Title Sociologie du numérique au travail
260 ## - PUBLICATION, DISTRIBUTION, ETC.
Name of publisher, distributor, etc. Armand Colin,<br/>
Date of publication, distribution, etc. 2021.<br/>
520 ## - SUMMARY, ETC.
Summary, etc. Comment évolue le travail aujourd’hui à l’heure du numérique ? Les espaces et les temps de travail se recomposent-ils ? Les salariés sont-ils plus autonomes grâce aux outils numériques ? Comment évoluent le rôle des managers et les modes d’organisation du travail ? Les sujets d’interrogations ne manquent pas concernant les mutations du travail en lien avec la diffusion des outils numériques, qu’il s’agisse de comprendre les transformations de l’activité des cadres, les mutations de certains métiers (comme ceux, par exemple, de la vente, du secrétariat ou de la formation), ou de certaines fonctions comme la GRH, le marketing ou le travail de conception en bureau d’étude. A travers des données récentes, l'ouvrage montre l’ambivalence des effets du numérique sur les organisations et les tensions qu’elle génère en matière de travail, entre autonomie et contrôle, nouveaux collectifs et isolement, injonction à collaborer et responsabilisation individuelle.
700 10 - ADDED ENTRY--PERSONAL NAME
Personal name Boboc, Anca
Relator term author
856 41 - ELECTRONIC LOCATION AND ACCESS
Uniform Resource Identifier <a href="https://shs.cairn.info/sociologie-du-numerique-au-travail--9782200630096?lang=fr&redirect-ssocas=7080">https://shs.cairn.info/sociologie-du-numerique-au-travail--9782200630096?lang=fr&redirect-ssocas=7080</a>

Pas d'exemplaire disponible.

PLUDOC

PLUDOC est la plateforme unique et centralisée de gestion des bibliothèques physiques et numériques de Guinée administré par le CEDUST. Elle est la plus grande base de données de ressources documentaires pour les Étudiants, Enseignants chercheurs et Chercheurs de Guinée.

Adresse

627 919 101/664 919 101

25 boulevard du commerce
Kaloum, Conakry, Guinée

Réseaux sociaux

Powered by Netsen Group @ 2025